MARC

LEADER 00000nam0a2200000 4500
001 25677
005 20231030201042.0
010 |a 5756702202 
035 |a (RuTPU)RU\TPU\book\25914 
035 |a BOOK00025989 
090 |a 25677 
100 |a 20011209d2000 m y0rusy50 ca 
101 0 |a rus 
102 |a RU 
105 |a y j 001zy 
200 1 |a Психофизиология  |e учебник для вузов  |f Н. Н. Данилова 
210 |a Москва  |c Аспект Пресс  |d 2000 
215 |a 373 с. 
320 |a Библиогр.: с. 357-369. 
610 1 |a психология 
610 1 |a физиология 
610 1 |a психофизиология 
610 1 |a психические состояния 
610 1 |a восприятие 
610 1 |a внимание 
610 1 |a память 
610 1 |a эмоции 
610 1 |a мышление 
610 1 |a речь 
610 1 |a сознание 
610 1 |a учебные пособия 
686 |a Ю933я73  |v LBC/SL-A  |2 rubbk 
700 1 |a Данилова  |b Н. Н.  |g Наталья Николаевна 
801 0 |a RU  |b 63413507  |c 20011209  |g PSBO 
801 2 |a RU  |b 63413507  |c 20220527  |g PSBO 
900 |a Психофизиология профессиональной деятельности 
942 |c BK